Chân dung con người qua cái nhìn Việt Nam

Tìm hiểu về chân dung con người của người Việt được thể hiện qua những ngôn từ, những câu ca dao, tục ngữ, thành ngữ, câu đố... và nghiên cứu lối vẽ mặt, mang râu trong hát bội, hát tuồng, chuyện Người ngoáy tai thời Pháp, về lịch su...

Szczegółowa specyfikacja

Zapisane w:
Opis bibliograficzny
1. autor: Ngô, Văn Ban
Format: Książka
Język:Undetermined
Wydane: Hà Nội Văn hóa Thông tin 2013
Hasła przedmiotowe:
Etykiety: Dodaj etykietę
Nie ma etykietki, Dołącz pierwszą etykiete!
Thư viện lưu trữ: Trung tâm Học liệu Trường Đại học Cần Thơ
LEADER 01147nam a2200205Ia 4500
001 CTU_186308
008 210402s9999 xx 000 0 und d
082 |a 391.009597 
082 |b B105/T.2 
100 |a Ngô, Văn Ban 
245 0 |a Chân dung con người qua cái nhìn Việt Nam 
245 0 |c Ngô Văn Ban 
260 |a Hà Nội 
260 |b Văn hóa Thông tin 
260 |c 2013 
520 |a Tìm hiểu về chân dung con người của người Việt được thể hiện qua những ngôn từ, những câu ca dao, tục ngữ, thành ngữ, câu đố... và nghiên cứu lối vẽ mặt, mang râu trong hát bội, hát tuồng, chuyện Người ngoáy tai thời Pháp, về lịch sử mái tóc Việt, tục nhuộm răng của người Việt, tục cà răng căng tai của các dân tộc ít người ở Tây Nguyên... 
650 |a Manners and customs,Phong tục tập quán 
650 |z Vietnam,Việt Nam 
910 |a Hải 
980 |a Trung tâm Học liệu Trường Đại học Cần Thơ